01426nam a2200325 a 450000100100000000500170001000800410002702000150006802000180008304000250010108200170012610000250014324501390016826000450030730000210035250000210037350400680039450400320046259000260049465000450052065000290056565000240059465000230061870000500064191000300069195201300072195201140085195201200096599900150108500000328520251124091422.0090707s2003 dr r 000 0 spa d a9993491977 a9789993491972 aDO-SdBNPbspacBNPHU a340.1bD663c1 aD'Oleo, Frank91031913aLa ciencia jurídica :bhistoria y filosofía : introducción a su estudio /cFrank D'oleo ; prólogo Mariano A. Rodríguez Rijo. aSanto Domingo :bLetra Gráfica,c2003. a227 p. ;c21 cm. aIncluye índice aIncluye referencias bibliográficas al pìe de las páginas. aBibliografía : p. 225-227 aInventariado, 2018/BT 4aFilosofía del derechobHISTORIA910340 0aDerecho y ética 99512 0aÉtica legal96420 0aSociología9106112aRodríguez Rijo, Mariano A.,epról.910341 aJornada de catalogación 001154708DSaGRbGRcMId2015-01-09iLF1l0o340.1 D663cip3285-30r2020-06-25te. 3w2020-06-25yLFDSZPréstamo en sala 0010718PDaPDbPDcHDd2009-07-07iLF1l0o340.1 D663cp3285-10r2020-06-25w2020-06-25yLFPDZNo se presta 0011718PDaPDbPDcMId2015-01-09iLF1l0o340.1 D663cp3285-20r2020-06-25te. 2w2020-06-25yLFPDZNo se presta c3116d3116